Outstanding primary teaching and learning : (Record no. 83612)

MARC details
000 -LEADER
fixed length control field 00693nam a22002177a 4500
003 - CONTROL NUMBER IDENTIFIER
control field URS
005 - DATE AND TIME OF LATEST TRANSACTION
control field 20250716114140.0
008 - FIXED-LENGTH DATA ELEMENTS--GENERAL INFORMATION
fixed length control field 250716b |||||||| |||| 00| 0 eng d
020 ## - INTERNATIONAL STANDARD BOOK NUMBER
International Standard Book Number 978-0-3352-63660
040 ## - CATALOGING SOURCE
Language of cataloging English
Transcribing agency URS
Description conventions rda
050 00 - LIBRARY OF CONGRESS CALL NUMBER
Classification number LB1775.8
Item number .H314 2016
100 ## - MAIN ENTRY--PERSONAL NAME
Personal name Hawkins, Sally,
Relator term author.
9 (RLIN) 6246
245 ## - TITLE STATEMENT
Title Outstanding primary teaching and learning :
Remainder of title a journey through your early teaching career /
Statement of responsibility, etc Sally Hawkins.
264 ## - PUBLICATION, DISTRIBUTION, ETC. (IMPRINT)
Place of publication, distribution, etc London :
Name of publisher, distributor, etc McGraw - Hill,
Date of publication, distribution, etc ©2016.
300 ## - PHYSICAL DESCRIPTION
Extent xv, 223 pages ;
Dimensions 25 cm.
336 ## - CONTENT TYPE
Source rdacontent
Content type term text
Content type code txt
337 ## - MEDIA TYPE
Source rdamedia
Media type term unmediated
Media type code n
338 ## - CARRIER TYPE
Source rdacarrier
Carrier type term volume
Carrier type code nc
500 ## - GENERAL NOTE
General note Includes index.
942 ## - ADDED ENTRY ELEMENTS (KOHA)
Source of classification or shelving scheme Library of Congress Classification
Koha item type Foreign Books
Holdings
Withdrawn status Lost status Source of classification or shelving scheme Damaged status Not for loan Collection code Home library Current library Shelving location Date acquired Source of acquisition Total Checkouts Full call number Barcode Date last seen Copy number Koha item type
    Library of Congress Classification     Non-fiction Taytay College Library Taytay College Library Foreign Section 07/12/2017 Purchased   LB1775.8 .H314 2016 URSTAY-4265 07/16/2025 1 Foreign Books

University of Rizal System
Email us at univlibservices@urs.edu.ph

Visit our Website www.urs.edu.ph/library